000
00311 a2200145 4500
001
174540
020
_a
040
_c
Magnum
100
_a
Góes, Lúcia Pimentel
240
1
0
_a
Dragao grandao dragao anao
_l
por
245
1
0
_a
Dragao grandao dragao anao
362
0
_a
1899
697
_a
I/GERAL
942
_c
BK
999
_c
174540
_d
174540